Normal view
MARC view
Entry Personal Name
001 - CONTROL NUMBER
- control field: 1237203
003 - CONTROL NUMBER IDENTIFIER
- control field: OSt
005 - DATE AND TIME OF LATEST TRANSACTION
- control field: 20260430150336.0
008 - FIXED-LENGTH DATA ELEMENTS
- fixed length control field: 260430|| aca||aabn | a|a d
040 ## - CATALOGING SOURCE
- Original cataloging agency: OSt
- Transcribing agency: OSt
100 ## - HEADING--PERSONAL NAME
- Personal name: University of Delhi. Faculty of Social Sciences. Deptt. of Sociology
670 ## - SOURCE DATA FOUND
- Source citation: Work cat.: (OSt)1849556: Singh Yaduvendra Pratap Au.; Abraham Janaki Gu. 1237202, The Changing Status of a Scheduled Caste: A Study of the Jatavs of Meerut City, 2022
